[Event "ODJM B 2017"]
[Site "Willingen GER"]
[Date "2017.06.10"]
[Round "9"]
[White "Claussen, Carlos"]
[Black "Schicks, Jonathan"]
[Result "1/2-1/2"]
[Termination "normal"]
[Board "43"]
[WhiteElo "864"]
[BlackElo "741"]
[PlyCount "84"]
[WhiteFideId "16245288"]
[BlackFideId "16245296"]
[EventCountry "GER"]
[EventRounds "9"]
[EventType "swiss"]
[EventDate "2017.06.03"]

1. e4 e5 2. Nf3 Nc6 3. Bc4 Bc5 4. Nc3 Nf6 5. d3 h6 6. O-O d6 7. h3 h5 8. Bg5
Nd4 9. Nxd4 Bxd4 10. Nd5 c6 11. Nxf6+ gxf6 12. Be3 f5 13. exf5 Bxf5 14. Re1 Rg8
15. Qxh5 d5 16. Bxd4 Be6 17. Bb3 Qd7 18. Rxe5 Kd8 19. Rg5 Kc7 20. Be5+ Kb6 21.
Bd4+ Ka6 22. Bc4+ b5 23. Bb3 Rxg5 24. Qxg5 Bxh3 25. gxh3 Qxh3 26. a4 Qe6 27.
axb5+ Kb7 28. bxc6+ Kxc6 29. Bxd5+ Qxd5 30. Qxd5+ Kxd5 31. Rxa7 Rg8+ 32. Kf1
Kxd4 33. Rxf7 Rb8 34. f4 Rxb2 35. Rf8 Ke3 36. Kg2 Rxc2+ 37. Kg3 Kxd3 38. f5 Ke4
39. f6 Ke5 40. Kg4 Rg2+ 41. Kh5 Kf5 42. Kh6 Rg6+ 1/2-1/2